000
00257nam a2200109Ia 4500
008
231106s2016 xx 000 0 und d
041
_a
eng
100
_a
LUCY SWINBURNE
245
_a
DADA : ART AND ANTI-ART
260
_b
SEARCH PRESS
_c
2016
300
_a
P-96
999
_c
920219
_d
920219